| 000 | 01274 a2200229 4500 | ||
|---|---|---|---|
| 001 | 28279 | ||
| 005 | 20260407155555.0 | ||
| 008 | 260407a2014 arg spa d | ||
| 003 | AR-UNSa-BCEJYS | ||
| 040 |
_aAR-UNSa-BCEJYS _bspa _cAR-UNSa-BCEJYS |
||
| 080 |
_a338.45 _xIndustria como sector económico. Producción comercial, industrial |
||
| 245 | 1 | 0 |
_aLa industria azucarera en Salta _pAgronegocios, concentración económica e impacto ambiental |
| 020 | _a798-987-633-104-3 | ||
| 264 | 1 |
_aSalta : _bEUNSa (Editorial de la Universidad Nacional de Salta) _c2014 |
|
| 300 |
_a352 p. _c23 cm. |
||
| 505 | _a1. Caña de azucar - 2. Mercado nacional-local del azúcar - 3. Agronegocios - 4. El complejo agroindustrial azucarero - 5. Competitividad a partir de elaboración de biocombustibles - 6. Biocombustibles - 7. La renta del suelo en la producción agrícola - 8. El negocio agro energético, la cogeneración - 9. Impacto ambiental de la producción y procesamiento de la caña de azucar | ||
| 942 | _cBK | ||
| 590 | _aniveau_biblio:m niveau_hierar:0 | ||
| 100 | 1 | _aMoreno, César Gabriel | |
| 700 | 1 | _aSerrano, Toribio Alejandro | |
| 856 | 4 | 1 |
_uhttps://biblioeco.unsa.edu.ar/pmb/images/libros/La Industria Azucarera en Salta-l125006.jpg _yImagen de portada _qimage/jpeg |
| 999 |
_c1689 _d1689 |
||